[Event "AUT-ch U14"]
[Site "Linz"]
[Date "2013.05.19"]
[Round "3"]
[White "Totschnig, Hans Peter"]
[Black "Tauber, Andreas"]
[Result "0-1"]
[WhiteElo "1464"]
[BlackElo "1535"]
[PlyCount "54"]
[EventDate "2013.05.18"]
[EventType "swiss"]
[EventRounds "7"]
[EventCountry "AUT"]
[SourceTitle "EXT 2015"]
[Source "ChessBase"]
[SourceDate "2014.11.20"]
[SourceVersion "1"]
[SourceVersionDate "2014.11.20"]
[SourceQuality "1"]

1. e4 e5 2. Nf3 Nc6 3. d4 exd4 4. Nxd4 Bc5 5. Nxc6 bxc6 6. Bc4 Bb7 7. Nc3 d6 8. Bf4 Ne7 9. Qd2 a5 10. 0-0-0 a4 11. a3 Qc8 12. f3 Ba6 13. Ba2 Bb5 14. g4 Qb7 15. Nxb5 Qxb5 16. Qd3 Qb6 17. Qc3 0-0 18. h4 Ng6 19. Bd2 Rab8 20. Be1 Nf4 21. Rh2 Bg1 22. Rdd2 Bxh2 23. Rxh2 Rfe8 24. Bd2 Qg1+ 25. Be1 Qxh2 26. Qxc6 Qg2 27. Qxc7 Nd3+ 0-1